[Event "2.Internationales Spandauer Weihnachtso"]
[Site "Spandau"]
[Date "2016.12.30"]
[Round "7.1"]
[White "Meister, Jakob"]
[Black "Ahmadinia, Ebrahim"]
[Result "1-0"]
[WhiteElo "2444"]
[BlackElo "2357"]
[Annotator "Stelti"]
[PlyCount "118"]
[EventDate "2016.??.??"]
[BlackTeamCountry "IRI"]
[TimeControl "6000+735"]
[WhiteClock "0:35:31"]
[BlackClock "0:00:51"]

1. c4 Nf6 2. Nc3 g6 3. e4 d6 4. d4 Bg7 5. Bd3 O-O 6. Nge2 e5 7. d5 Na6 8. Ng3
c6 9. O-O Nc5 10. Be2 a5 11. Be3 cxd5 12. cxd5 Bd7 13. Bxc5 dxc5 14. Bb5 Ne8
15. Bxd7 Qxd7 16. Qa4 Qd8 17. Nb5 Qd7 18. Ne2 f5 19. Nec3 fxe4 20. d6 Nf6 21.
Rad1 Kh8 22. Nc7 Rac8 23. Qxd7 Nxd7 24. Nxe4 Bf6 25. Rd5 b6 26. a4 Kg8 27. Re1
Bd8 28. Nb5 Kf7 29. Nd2 Ke6 30. Rd3 Rf4 31. b3 h5 32. Nc4 Rf5 33. g3 g5 34. f3
Rb8 35. Kg2 Rb7 36. Rde3 Kd5 37. h3 h4 38. g4 Rf4 39. Nxe5 Nxe5 40. Rxe5+ Kc6
41. Re8 Rd7 42. R1e4 Rff7 43. Kf2 Bf6 44. Ke2 Bg7 45. R8e6 Bb2 46. f4 gxf4 47.
Kf3 Bc1 48. Rh6 Rg7 49. Re8 Bb2 50. Rxh4 Rh7 51. Rc8+ Kd5 52. Rxh7 Rxh7 53. h4
Rxh4 54. d7 Rh3+ 55. Kxf4 Bf6 56. g5 Be7 57. Re8 Bd8 58. Rxd8 Ke6 59. g6 Kd5 {
Ke4+} 1-0

[Event "2.Spand. W-Open 2016"]
[Site "Berlin"]
[Date "2016.12.30"]
[Round "7.4"]
[White "Magnussen, Helge"]
[Black "Brustkern, Jürgen"]
[Result "1/2-1/2"]
[WhiteElo "2084"]
[BlackElo "2246"]
[PlyCount "58"]
[EventDate "2016.??.??"]
[WhiteTeam "Elmshorner SC von 1896"]
[BlackTeam "SC Zugzwang 95 e.V."]

1. d4 d5 2. c4 Nc6 3. Nc3 dxc4 4. Nf3 a6 5. d5 Na7 6. e4 b5 7. Be3 e6 8. Qc2
Nf6 9. O-O-O exd5 10. e5 b4 11. exf6 bxc3 12. Bxc4 c6 13. Rhe1 Be6 14. Bd4
cxb2+ 15. Qxb2 gxf6 16. Bb3 Be7 17. Ng5 Kd7 18. Ne4 Nb5 19. Bxf6 Ba3 20. Qxa3
Nxa3 21. Nc5+ Kc7 22. Bxd8+ Rhxd8 23. Nxe6+ fxe6 24. Rxe6 Re8 25. Rde1 Kd7 26.
Rxe8 Rxe8 27. Rxe8 Kxe8 28. Kb2 Nb5 29. Ba4 Ke7 1/2-1/2

[Event "2.Spand. W-Open 2016"]
[Site "Berlin"]
[Date "2016.12.30"]
[Round "7.6"]
[White "Allgaier, Erik"]
[Black "Hansch, Torsten"]
[Result "0-1"]
[WhiteElo "2040"]
[BlackElo "2138"]
[PlyCount "66"]
[EventDate "2016.??.??"]
[WhiteTeam "Betriebsschach BVG Helmhotlz"]
[BlackTeam "Stendaler Schachklub"]

1. c4 e6 2. g3 d5 3. Bg2 Nf6 4. Nf3 Be7 5. O-O O-O 6. b3 Nbd7 7. cxd5 exd5 8.
d4 Re8 9. Re1 Ne4 10. Nfd2 Bb4 11. Qc2 Ndf6 12. f3 Nd6 13. a3 Ba5 14. b4 Bb6
15. Nb3 Bf5 16. Qc3 c6 17. Nc5 a5 18. Bf4 Nb5 19. Qb2 axb4 20. axb4 Rxa1 21.
Qxa1 Bxb1 22. Rxb1 Nh5 23. Be5 f6 24. Nxb7 Qd7 25. Qa6 Ba7 26. Nc5 Bxc5 27.
bxc5 fxe5 28. Rxb5 cxb5 29. c6 Qe6 30. dxe5 Qxe5 31. Qxb5 Nf6 32. Bh3 Rb8 33.
Qd3 Ne8 0-1

[Event "2.Spand. W-Open 2016"]
[Site "Berlin"]
[Date "2016.12.30"]
[Round "7.7"]
[White "Gebigke, Martin"]
[Black "Kirschbaum, Heinrich"]
[Result "1/2-1/2"]
[BlackElo "2400"]
[WhiteElo "2400"]
[TimeControl "240+6"]
[Termination "normal"]
[PlyCount "93"]
[WhiteType "human"]
[BlackType "human"]

1. d4 g6 2. e4 Bg7 3. Nf3 d6 4. c4 Nf6 5. Nc3 O-O 6. Be2 Nbd7 7. O-O e5 8.
Be3 c6 9. Rb1 a5 10. d5 Qe7 11. Ne1 Ne8 12. g4 f5 13. gxf5 gxf5 14. exf5 e4
15. f4 Ndf6 16. c5 Bxf5 17. dxc6 bxc6 18. Kh1 dxc5 19. Rg1 Kh8 20. Qa4 Nd5
21. Nxd5 cxd5 22. Qc6 Rc8 23. Qxd5 Be6 24. Qg5 Bf6 25. Qh6 Ng7 26. Bg4 Bxg4
27. Rxg4 Nf5 28. Qh3 Bd4 29. Nc2 Rc6 30. Re1 Rcf6 31. b3 Qe6 32. Rg5 Nxe3
33. Qxe6 Rxe6 34. Nxe3 Rxf4 35. Re2 Rf3 36. Rg3 Ref6 37. Kg2 Rxg3+ 38. hxg3
Re6 39. Nc4 Bc3 40. g4 Kg7 41. Kg3 a4 42. bxa4 Ra6 43. Re3 Bd4 44. Ra3 e3
45. Nxe3 Bxe3 46. Rxe3 Rxa4 47. Rc3 1/2-1/2

[Event "2.Spand. W-Open 2016"]
[Site "Berlin"]
[Date "2016.12.30"]
[Round "7.9"]
[White "Baumgardt, Uwe"]
[Black "Gelman, Josef"]
[Result "1-0"]
[WhiteElo "2137"]
[BlackElo "1839"]
[PlyCount "41"]
[EventDate "2016.??.??"]
[WhiteTeam "SC Zitadelle Spandau 1977 e.V."]
[BlackTeam "SC Weisse Dame e.V."]

1. e4 e5 2. Nc3 Nf6 3. g3 Be7 4. Bg2 O-O 5. Nge2 Nc6 6. O-O d6 7. h3 Re8 8. d3
Bd7 9. Kh2 Bf8 10. Be3 Qc8 11. Qd2 Rd8 12. f4 Be8 13. f5 Nb8 14. g4 h6 15. g5
hxg5 16. Bxg5 Be7 17. Rg1 Nc6 18. Bf3 Kh8 19. Bxf6 Bxf6 20. Nd5 Be7 21. f6 1-0

[Event "2.Spand. W-Open 2016"]
[Site "Berlin"]
[Date "2016.12.30"]
[Round "7.10"]
[White "Schuh, Rüdiger"]
[Black "Hansch, Stephan"]
[Result "1/2-1/2"]
[WhiteElo "2056"]
[BlackElo "2120"]
[PlyCount "20"]
[EventDate "2016.??.??"]
[WhiteTeam "FVS ASP Hoyerswerda"]
[BlackTeam "SC Empor Potsdam 1952 e.V."]

1. c4 Nf6 2. Nc3 c5 3. g3 g6 4. Bg2 Bg7 5. Nf3 d5 6. O-O d4 7. Na4 Qd6 8. d3
Nc6 9. a3 O-O 10. Rb1 Nd7 1/2-1/2

[Event "2.Spand. W-Open 2016"]
[Site "Berlin"]
[Date "2016.12.30"]
[Round "7.11"]
[White "Zaeske, Winfried"]
[Black "Koop, Sören"]
[Result "1/2-1/2"]
[WhiteElo "1985"]
[BlackElo "2086"]
[PlyCount "46"]
[EventDate "2016.??.??"]
[WhiteTeam "SC Zitadelle Spandau 1977 e.V."]
[BlackTeam "SC Wrist-Kellinghusen von 1979"]

1. e4 e5 2. Nf3 Nc6 3. Bb5 a6 4. Ba4 Nf6 5. O-O Nxe4 6. Re1 Nc5 7. Bxc6 dxc6 8.
Nxe5 Be6 9. Nc3 Be7 10. Qe2 O-O 11. d3 Re8 12. Bf4 Qd4 13. Qd2 Bd6 14. Bg3 Bd5
15. Nxd5 Qxd5 16. Nf3 Re6 17. Rxe6 Nxe6 18. a3 c5 19. c3 Bxg3 20. hxg3 Rd8 21.
Rd1 h6 22. Qe3 b6 23. Rd2 Qa2 1/2-1/2

[Event "2.Spand. W-Open 2016"]
[Site "Berlin"]
[Date "2016.12.30"]
[Round "7.12"]
[White "Kröncke, Manfred"]
[Black "Weber, Erwin"]
[Result "0-1"]
[WhiteElo "2024"]
[BlackElo "2080"]
[PlyCount "92"]
[EventDate "2016.??.??"]
[WhiteTeam "SG Glückstadt von 1920"]
[BlackTeam "Schachfreunde Berlin 1903 e.V."]

1. e4 e6 2. d3 d5 3. Nd2 c5 4. g3 Nc6 5. Bg2 g6 6. Ngf3 Bg7 7. O-O Nf6 8. exd5
Nxd5 9. Ne4 b6 10. Bg5 f6 11. Bd2 O-O 12. Re1 e5 13. Nc3 Nxc3 14. Bxc3 Bg4 15.
h3 Bd7 16. Bd2 Qc8 17. h4 Bg4 18. Qc1 Qd7 19. Bh6 Rac8 20. Bxg7 Kxg7 21. Nh2
Be6 22. Nf3 Nd4 23. Nxd4 cxd4 24. Re2 Bd5 25. Qf1 Rc5 26. Bxd5 Qxd5 27. Qg2 Qd6
28. Rf1 Rfc8 29. f4 Qc6 30. Qxc6 R8xc6 31. fxe5 fxe5 32. Rff2 Rf6 33. Kf1 h5
34. Ke1 Rf5 35. Kd2 Kf6 36. Rxf5+ gxf5 37. c3 dxc3+ 38. bxc3 Ra5 39. Ke3 Ra3
40. Rc2 Ra4 41. c4 Ra5 42. Rb2 Ke6 43. Rd2 Ra3 44. Rc2 e4 45. Kf4 Rxd3 46. c5
Kf6 0-1

[Event "2.Spand. W-Open 2016"]
[Site "Berlin"]
[Date "2016.12.30"]
[Round "7.13"]
[White "Schulz, Michael"]
[Black "Baier, Reinhard"]
[Result "1-0"]
[WhiteElo "2141"]
[BlackElo "1967"]
[PlyCount "101"]
[EventDate "2016.??.??"]
[WhiteTeam "SC Zitadelle Spandau 1977 e.V."]
[BlackTeam "BSG 1827 Eckbauer e.V."]

1. d4 d5 2. Bg5 Nf6 3. Bxf6 gxf6 4. e3 Bf5 5. Bd3 Bg6 6. Ne2 e5 7. Ng3 e4 8.
Be2 f5 9. c4 dxc4 10. Bxc4 c6 11. h4 h6 12. h5 Bh7 13. Nc3 Bd6 14. Nge2 b5 15.
Bb3 a5 16. a4 b4 17. Nb1 Nd7 18. Nd2 Rc8 19. Nc4 Nf6 20. Rc1 Bc7 21. g3 Nd5 22.
Ne5 Bxe5 23. dxe5 O-O 24. Bxd5 Qxd5 25. Qxd5 cxd5 26. Kd2 Rc4 27. b3 Rcc8 28.
Nd4 f6 29. e6 Rfe8 30. Nc6 Kf8 31. Nxa5 Ke7 32. Rc6 Rxc6 33. Nxc6+ Kxe6 34.
Nxb4 Rb8 35. Kc3 d4+ 36. exd4 f4 37. d5+ Kd6 38. gxf4 Bg8 39. Rd1 Bf7 40. Rd4
Rc8+ 41. Rc4 Rxc4+ 42. bxc4 Bxh5 43. Kd4 Bf3 44. a5 h5 45. a6 Kc7 46. c5 h4 47.
d6+ Kd7 48. a7 e3 49. fxe3 Ba8 50. Nd5 h3 51. Nxf6+ 1-0

[Event "2.Spand. W-Open 2016"]
[Site "Berlin"]
[Date "2016.12.30"]
[Round "7.14"]
[White "Nofal, Jameel"]
[Black "Giese, Reinhard"]
[Result "1/2-1/2"]
[WhiteElo "1873"]
[BlackElo "2147"]
[PlyCount "75"]
[EventDate "2016.??.??"]
[WhiteTeam "vereinslos"]
[BlackTeam "SC Zitadelle Spandau 1977 e.V."]

1. e4 c5 2. Nc3 Nc6 3. f4 e6 4. Nf3 d5 5. Bb5 Nge7 6. exd5 exd5 7. Qe2 Qd6 8.
Ne5 Be6 9. Bxc6+ bxc6 10. O-O g6 11. Qa6 Qc7 12. b3 Qb6 13. Qe2 c4+ 14. Kh1
cxb3 15. axb3 a5 16. Na4 Qc7 17. Ba3 Nf5 18. Bxf8 Kxf8 19. Qf2 f6 20. Nc5 Bc8
21. Ned3 Ng7 22. Qd4 Kf7 23. Rae1 Bf5 24. g4 Bxg4 25. Ne5+ fxe5 26. fxe5+ Bf5
27. e6+ Kg8 28. e7 Qd6 29. Nb7 Qd7 30. Nc5 Qe8 31. Qf6 h6 32. Rxf5 gxf5 33. Rg1
Rh7 34. Nb7 Ra7 35. Qe6+ Kh8 36. Qf6 Kg8 37. Qe6+ Kh8 38. Qf6 1/2-1/2

[Event "2.Spand. W-Open 2016"]
[Site "Berlin"]
[Date "2016.12.30"]
[Round "7.15"]
[White "Tiarks, Jann-Christian"]
[Black "Andersen, Guttorm"]
[Result "1-0"]
[WhiteElo "2030"]
[BlackElo "1836"]
[PlyCount "59"]
[EventDate "2016.??.??"]
[WhiteTeam "USV Potsdam e.V., Abt. Schach"]

1. e4 e5 2. Nf3 Nf6 3. Nxe5 d6 4. Nf3 Nxe4 5. Nc3 Nxc3 6. dxc3 Be7 7. Be3 Be6
8. Qd2 Nc6 9. O-O-O O-O 10. Kb1 Ne5 11. Nxe5 dxe5 12. Qe1 Bd6 13. f4 Qe7 14.
fxe5 Bxe5 15. Bd3 a5 16. Qe2 Qf6 17. Qd2 Qe7 18. Qf2 Rfd8 19. h4 a4 20. a3 b6
21. Bc1 Ra5 22. Qf3 Qf6 23. Qe4 g6 24. Bg5 Rxd3 25. Bxf6 Rxd1+ 26. Rxd1 Bxf6
27. g3 h5 28. Re1 Bd7 29. Qf4 Bf5 30. Qxc7 1-0